LEADER 02043nam a2200373 u 4500 001 000000016499 003 CaOOAMICUS 005 20070226110011.0 008 940513s1984 vc u000 u lat u 020 $a88-85054-03-X 035 $a10386833 040 $aBAV$bita 100 1 $aSchmidt, Tilmann.$0(OLS)http://pul/name/7037 245 10$aLibri rationum Camerae Bonifatii Papae VIII :$b(Archivum Secretum Vaticanum, Collect. 446 necnon Intr. et ex. 5) /$cTilmann Schmidt. 260 $aCittą del Vaticano :$bScuola Vaticana di Paleografia, Diplomatica e Archivistica,$c1984. 300 $alxxi, 405 p. ;$c24 cm 490 1 $aLittera antiqua ;$v2 500 $aSommario in latino, italiano, inglese, francese, spagnolo e tedesco. 600 04$aBonifacius PP.$bVIII,$dc. 1230-1303.$0(OLS)http://pul/subject/1810 650 4$aFinanza pubblica$zStati Pontifici.$0(OLS)http://pul/subject/11730 710 2 $aScuola vaticana di paleografia, diplomatica e archivistica.$0(OLS)http://pul/name/2867 710 2 $aArchivio segreto vaticano.$kMss.$n(C.A., Intr. et Ex. 5).$0(OLS)http://pul/name/14998 710 2 $aArchivio segreto vaticano.$kMss.$n(C.A., Collect. 446).$0(OLS)http://pul/name/14997 830 0$aLittera antiqua ;$v2.$0(OLS)http://pul/title/23554 850 $aPUL 852 $aPUL$W1$xDP1 Fondo Maccarrone$y58$m1510 D 10$j23227$nBK-PRI$b $qFondi$B23227$CPULBib$Z2$F23227 $H $81 941 1 $a1 960 $aPapi (1294-1303 : Bonifacius PP. VIII)$91810 960 $aPapi (1294-1303 : Bonifacius PP. VIII)$91810 960 $aBonifacio$bVIII,$cpapa,$dc. 1230-1303$91810 960 $aCaetani, Benedetto,$dc. 1230-1303$91810 996 $6020$a88-85054-03-X$9(OLS)http://pul/number/21172 996 $6245$aLibri rationum Camerae Bonifatii Papae VIII :$b(Archivum Secretum Vaticanum, Collect. 446 necnon Intr. et ex. 5)$9(OLS)http://pul/title/23553 996 $6260$aCittą del Vaticano :$bScuola Vaticana di Paleografia, Diplomatica e Archivistica$9(OLS)http://pul/publisher/55065 LEADER 01124nam a2200277 u 4500 001 000000043396 003 CaOOAMICUS 005 20070226114431.0 008 990330s1946 it u000 u ita u 035 $a10818509 040 $aPUL(R)$bita 100 1 $aMagnino, Bianca,$d1902-$0(OLS)http://pul/name/4227 245 10$aAlle origini della crisi contemporanea :$billuminismo e rivoluzione /$cBianca Magnino. 260 $aRoma :$bRaggio,$c1946. 300 $a302 p. ;$c24 cm 490 1 $aCollana Sirio ;$v1 504 $aBibliografia in nota. 650 4$aIlluminismo.$0(OLS)http://pul/subject/1898 650 4$aRivoluzione.$0(OLS)http://pul/subject/18829 830 0$aCollana Sirio ;$v1.$0(OLS)http://pul/title/58501 850 $aPUL 852 $aPUL$W1$xDP1 Cons. Gen., Altre Classi 1$y22$m44 N 43$j58499$nBK-PRI$b $qStampati$B58499$CPULBib$Z2$F58499 $H $81 941 1 $a8 961 $aINV: 54843 996 $6245$aAlle origini della crisi contemporanea :$billuminismo e rivoluzione$9(OLS)http://pul/title/58500 996 $6260$aRoma :$bRaggio$9(OLS)http://pul/publisher/65272